01155nam a2200193Ia 4500001001100000003001000011008004100021040002500062041001300087100003100100245003400131250001100165260009200176300002600268500026600294501011400560520026600674650002100940L241-13867IT-CnALBA170116s9999||||xx |||||||||||||| ||und|| aIT-CnALBAcIT-CnALBA aITALIANO aJOURNET CHARLES, CARDINALE 0aIL MATRIMONIO INDISSOLUBILE.  a1a ed. aCINISELLO BALSAMO (MI)bEDIZIONI PAOLINEc1968 [1° Ed.:1968 - Ed.Ling.Originale: 1968] a82 p. (prefazione: 7) aTRADUZIONE DAL FRANCESE DEGLI STUDENTI DI CAMALDOLI. INDISSOLUBILITA' IN SAN PAOLO. SECONDE NOZZE. PAROLE DI GESÙ, IN LUCA, IN MARCO, IN MATTEO. LA CHIESA FEDELE. CHIESA GRECA. MATRIMONI SOLUBILI. DIGNITÀ E SANTITÀ DEL MATRIMONIO E DELLA FAMIGLIA OGGI. AM aSocietà San Paolo EM - Piazza San Paolo, 14 - 12051 ALBA (CN) (non commercial uses only) ® Copyright 2017 aTRADUZIONE DAL FRANCESE DEGLI STUDENTI DI CAMALDOLI. INDISSOLUBILITA' IN SAN PAOLO. SECONDE NOZZE. PAROLE DI GESÙ, IN LUCA, IN MARCO, IN MATTEO. LA CHIESA FEDELE. CHIESA GRECA. MATRIMONI SOLUBILI. DIGNITÀ E SANTITÀ DEL MATRIMONIO E DELLA FAMIGLIA OGGI. AM aMORALE CATTOLICA